000 00184 a2200097 4500
001 947
100 _aPuckle,O.S
245 _aJime bases
260 _a
_bChapman
_c
090 _c537
_d537
942 _aNUST-CAE
_cM
_c31789
999 _c236020
_d236020